Jakie może być jabłko? - Statystyki

Ogólne statystyki
  • Ten quiz został rozwiązany 18 razy
  • Średni wynik to 4 z 8
Statystyki odpowiedzi
Hint Odpowiedź % Poprawnych
5. Czerwone
93%
6. Zielone
93%
1. Kwaśne
73%
3. Słodkie
73%
7. Obrane
20%
4. Zgniłe
20%
2. Adama
13%
8. Pokrojone
13%
Nie znaleziono quizów pasujących do podanych kryteriów
Rozkład punktacji
Procent ludzi z każdym wynikiem
Percentyl według liczby udzielonych odpowiedzi
Twoja historia wyników
Nie rozwiązałeś tego quizu